000 00795nam a2200217 a 4500
999 _c4318
_d4318
001 4318
003 BD-JhCC
005 20180729091955.0
008 171126s1998 bg a|||| ||a| 000 0 ben d
035 _a(BD-JhCC)4318
040 _aBD-JhCC
_dBD-JhCC
041 _aben
082 _a616.46
_bJAN 1998
100 _aজনসন, মেরিলিন
245 _aপীড়াদায়ক মিষ্টি :
_b ডায়াবেটিস সম্পর্কে আপনার সত্যিই যা জানা দরকার /
_cমেরিলিন জনসন
260 _aঢাকা :
_bএ্যাডভেন্টিষ্ট প্রেস,
_c1998.
300 _a259 p. :
_c21 cm.
_billu;
650 _aDiabetic Diseases
942 _2ddc
_cBK